| 000 | 00545nam a2200169 i 4500 | ||
|---|---|---|---|
| 001 | 89289 | ||
| 003 | ES-MaACL | ||
| 005 | 20230906180134.0 | ||
| 007 | t| | ||
| 008 | 050105s1973 sp ||||1| spa d | ||
| 100 | 1 |
_aLapassade, Georges. _970137 |
|
| 245 | 1 | 3 |
_aLa entrada en la vida _b: (ensayo sobre la no-terminación del hombre) / _cGeorges Lapassade ; [traductor, Joaquín Alonso]. |
| 260 |
_a[Madrid] : _bFundamentos, _c[1973] |
||
| 300 |
_a290 p. ; _c19 cm. |
||
| 700 | 1 |
_aAlonso, Joaquín. _920209 |
|
| 852 |
_aES-MaACL _jC-50548 _bR.85047 |
||
| 999 |
_c89289 _d89289 |
||